000 00716nam a2200241 a 4500
001 BRL_1702
005 20190320211329.0
008 270514s1942----mx-a######---#000-0#spa-#
041 _aspa
044 _amx
050 4 _aND259.O7
_b.F47 1942
100 1 _aFernández, Justino
_d1904-1972
_96551
245 1 0 _aJosé Clemente Orozco
_bforma e idea
_cJustino Fernández.
260 _aMéxico
_bPorrúa
_c1942
300 _a183 p.
_bil., 209 láminas
_c29 cm.
500 _aAu2131
500 _aIncluye índice de ilustaciones
504 _aBibliografía: p. 173-176
600 1 4 _aJosé Clemente Orozco
_d1883-1949
_927674
650 1 4 _apintura mural
_ySiglo XX
_zMéxico
_95079
902 _aGRL
942 _2lcc
_cB
999 _c10510
_d10510